| 000 | 00733nam a2200229Ia 4500 | ||
|---|---|---|---|
| 003 | OSt | ||
| 005 | 20220201102656.0 | ||
| 008 | 210716s2013 xx 000 0 und d | ||
| 020 | _a9788184952322 | ||
| 040 | _cAIMIT LIBRARY | ||
| 041 | _aeng | ||
| 082 |
_a332.17 _21 _bDEYA |
||
| 100 |
_aDey, Amal Krishna. _915382 |
||
| 245 |
_aCapital markets in India / _cBy Amal Krishna Dey and Pankaj Kumar Roy. |
||
| 250 | _a1st ed. | ||
| 260 |
_aNew Delhi: _bJaico Publishing House, _c2013. |
||
| 300 |
_axii,510p. ; _c24cm. |
||
| 650 |
_aLaws and Regulations Affecting the capital market _915383 |
||
| 650 |
_aRole of Derivaties Futures and options _915384 |
||
| 700 |
_aRoy, Pankaj Kumar. _915385 |
||
| 942 |
_2ddc _cBK _e1st _k332.17 DEYA |
||
| 999 |
_c208641 _d208641 |
||